European Countries Not Bordering "S" Country - Statistics

General Stats
  • This quiz has been taken 72 times
  • The average score is 20 of 25
Answer Stats
Country % Correct
Ireland
98%
United Kingdom
98%
Belgium
95%
Estonia
95%
Latvia
95%
Malta
95%
Lithuania
94%
Albania
92%
Iceland
90%
Luxembourg
90%
Netherlands
90%
Vatican City
90%
Denmark
89%
Greece
85%
Belarus
84%
Moldova
84%
Monaco
84%
Russia
81%
San Marino
69%
Slovakia
58%
Slovenia
56%
Switzerland
56%
Serbia
52%
Spain
48%
Sweden
47%
No matching quizzes found
Score Distribution
Percent of People with Each Score
Percentile by Number Answered
Your Score History
You have not taken this quiz